[Event "Dubna op"]
[Site "Dubna"]
[Date "2007.08.07"]
[Round "6"]
[White "Veliev, Gasan"]
[Black "Luzhetskiy, Yuri"]
[Result "1-0"]
[WhiteElo "2241"]
[BlackElo "2145"]
[PlyCount "53"]
[EventDate "2007.08.02"]
[EventType "swiss"]
[EventRounds "14"]
[EventCountry "RUS"]
[SourceTitle "EXT 2008"]
[Source "ChessBase"]
[SourceDate "2007.11.25"]
[SourceVersion "1"]
[SourceVersionDate "2007.11.25"]
[SourceQuality "1"]

1. e4 c5 2. Nf3 d6 3. Nc3 Nf6 4. d4 cxd4 5. Nxd4 Nbd7 6. Be2 g6 7. 0-0 Bg7 8. Kh1 b6 9. f4 Bb7 10. Bf3 Rc8 11. e5 Bxf3 12. Nxf3 dxe5 13. fxe5 Ng4 14. e6 Nde5 15. Qe2 0-0 16. Ng5 f5 17. h3 Nh6 18. Bf4 Rc5 19. Rad1 Qc8 20. Nd5 Qb7 21. Nb4 Rfc8 22. c3 b5 23. Nd3 Nxd3 24. Rxd3 b4 25. Rd7 R8c7 26. Bxc7 Rxc7 27. Rd8+ 1-0

[Event "Dubna op"]
[Site "Dubna"]
[Date "2007.08.06"]
[Round "5"]
[White "Luzhetskiy, Yuri"]
[Black "Umansky, Vladimir"]
[Result "0-1"]
[WhiteElo "2145"]
[BlackElo "2343"]
[PlyCount "136"]
[EventDate "2007.08.02"]
[EventType "swiss"]
[EventRounds "14"]
[EventCountry "RUS"]
[SourceTitle "EXT 2008"]
[Source "ChessBase"]
[SourceDate "2007.11.25"]
[SourceVersion "1"]
[SourceVersionDate "2007.11.25"]
[SourceQuality "1"]

1. e4 c5 2. Nf3 Nc6 3. d4 cxd4 4. Nxd4 e5 5. Nb5 d6 6. c4 Be7 7. Bd3 Nf6 8. 0-0 0-0 9. h3 Be6 10. Nd2 Rc8 11. a3 Nd7 12. Re1 a6 13. Nc3 Nc5 14. Bb1 Bg5 15. b4 Nd7 16. Nd5 Nd4 17. Ba2 Nb6 18. Nf3 Nxf3+ 19. Qxf3 Nxc4 20. Qd3 b5 21. a4 Bxc1 22. Rexc1 Nb2 23. Rxc8 Nxd3 24. Rxd8 Rxd8 25. axb5 axb5 26. Bb1 Bxd5 27. Bxd3 Bc4 28. Bxc4 bxc4 29. Rc1 Rc8 30. b5 Kf8 31. b6 Ke7 32. b7 Rb8 33. Rxc4 Rxb7 34. g3 Ke6 35. g4 f6 36. Kg2 g6 37. Rc6 Rf7 38. Rc8 f5 39. exf5+ gxf5 40. gxf5+ Rxf5 41. Re8+ Kd7 42. Ra8 Rf7 43. f3 Ke6 44. Ra6 Rd7 45. Rb6 Kf5 46. Rb8 d5 47. Rf8+ Ke6 48. Kf2 Ra7 49. Re8+ Kd6 50. Rd8+ Kc5 51. Rc8+ Kd4 52. Rc2 Ra3 53. Rc7 Ra2+ 54. Kg3 Ke3 55. Rc3+ Ke2 56. Rc5 Rd2 57. h4 Rd3 58. Rc2+ Kd1 59. Rc7 e4 60. Rxh7 Rxf3+ 61. Kg4 Rd3 62. h5 e3 63. h6 e2 64. Re7 Ra3 65. h7 Ra8 66. Ra7 Rh8 67. Ra1+ Kd2 68. Ra2+ Ke3 0-1

[Event "Dubna op"]
[Site "Dubna"]
[Date "2007.08.05"]
[Round "3"]
[White "Luzhetskiy, Yuri"]
[Black "Lebedev, Alexander1111"]
[Result "0-1"]
[WhiteElo "2145"]
[BlackElo "2266"]
[PlyCount "78"]
[EventDate "2007.08.02"]
[EventType "swiss"]
[EventRounds "14"]
[EventCountry "RUS"]
[SourceTitle "EXT 2008"]
[Source "ChessBase"]
[SourceDate "2007.11.25"]
[SourceVersion "1"]
[SourceVersionDate "2007.11.25"]
[SourceQuality "1"]

1. c4 e6 2. d4 d5 3. Nc3 Be7 4. Nf3 Nf6 5. Bg5 0-0 6. e3 h6 7. Bh4 Ne4 8. Bxe7 Qxe7 9. cxd5 Nxc3 10. bxc3 exd5 11. Bd3 c5 12. 0-0 Nc6 13. Rb1 Rb8 14. Re1 cxd4 15. exd4 Qc7 16. Re3 Bg4 17. h3 Bh5 18. g4 Bg6 19. Bxg6 fxg6 20. Qd3 Qf7 21. Rf1 Rbe8 22. Ne5 Nxe5 23. dxe5 g5 24. f3 Qe6 25. Rd1 Rd8 26. c4 d4 27. Re4 Rf4 28. Rxf4 gxf4 29. Re1 a6 30. Re4 b5 31. cxb5 axb5 32. Qxb5 d3 33. Qa5 Rc8 34. Rxf4 Qd7 35. e6 Qxe6 36. Re4 Qd6 37. Qe1 d2 38. Re8+ Kf7 39. Qxd2 Qg3+ 0-1

[Event "Dubna op"]
[Site "Dubna"]
[Date "2007.08.04"]
[Round "1"]
[White "Luzhetskiy, Yuri"]
[Black "Inyakina, Alina"]
[Result "1-0"]
[WhiteElo "2145"]
[BlackElo "1726"]
[PlyCount "51"]
[EventDate "2007.08.02"]
[EventType "swiss"]
[EventRounds "14"]
[EventCountry "RUS"]
[SourceTitle "EXT 2008"]
[Source "ChessBase"]
[SourceDate "2007.11.25"]
[SourceVersion "1"]
[SourceVersionDate "2007.11.25"]
[SourceQuality "1"]

1. e4 c5 2. Nf3 e6 3. Nc3 d6 4. g3 Nc6 5. Bg2 g6 6. d4 cxd4 7. Nxd4 Bg7 8. Be3 Nge7 9. Qd2 a6 10. 0-0-0 Ne5 11. Qe2 Qc7 12. f4 Ng4 13. Bf2 Rb8 14. Ndb5 axb5 15. Nxb5 Bxb2+ 16. Kb1 Qc6 17. Qc4 Qxc4 18. Nxd6+ Kf8 19. Nxc4 Bc3 20. Rd3 b5 21. Rxc3 bxc4+ 22. Ka1 Ba6 23. Ra3 Bc8 24. Bc5 Ke8 25. Rb1 Rxb1+ 26. Kxb1 1-0

[Event "Zhukovsky Naukograd Rating-A"]
[Site "Zhukovsky"]
[Date "2007.??.??"]
[Round "2"]
[White "Luzhetskiy, Yuri"]
[Black "Velikanov, Igor"]
[Result "1/2-1/2"]
[WhiteElo "2111"]
[BlackElo "2220"]
[PlyCount "85"]
[EventDate "2007.04.01"]
[EventType "tourn"]
[EventRounds "11"]
[EventCountry "RUS"]
[SourceTitle "EXT 2022"]
[Source "ChessBase"]
[SourceDate "2021.10.06"]
[SourceVersion "1"]
[SourceVersionDate "2021.10.06"]
[SourceQuality "1"]

1. e4 e5 2. Nf3 Nc6 3. Bb5 a6 4. Bxc6 dxc6 5. 0-0 f6 6. d4 exd4 7. Nxd4 c5 8. Nb3 Qxd1 9. Rxd1 Bg4 10. f3 Bd7 11. Be3 b6 12. Nc3 0-0-0 13. Rd2 c4 14. Nd4 Bb4 15. Nde2 Ne7 16. Rad1 Be6 17. a3 Ba5 18. g4 Rxd2 19. Rxd2 Rd8 20. Rxd8+ Kxd8 21. Nf4 Bf7 22. Nce2 Kd7 23. h4 Kd6 24. Kf2 b5 25. Ng3 g6 26. h5 Bb6 27. Bxb6 cxb6 28. c3 Nc6 29. hxg6 hxg6 30. Ng2 Ne5 31. Ne1 a5 32. Nf1 Kc5 33. Ne3 b4 34. f4 bxa3 35. bxa3 Nc6 36. Nf3 b5 37. g5 fxg5 38. Nxg5 Bg8 39. Ke2 b4 40. cxb4+ axb4 41. axb4+ Nxb4 42. Kd2 Kd4 43. Nd1 1/2-1/2

[Event "Zhukovsky Naukograd Rating-A"]
[Site "Zhukovsky"]
[Date "2007.??.??"]
[Round "3"]
[White "Rybakov, Sergey1111"]
[Black "Luzhetskiy, Yuri"]
[Result "1-0"]
[WhiteElo "2123"]
[BlackElo "2111"]
[PlyCount "93"]
[EventDate "2007.04.01"]
[EventType "tourn"]
[EventRounds "11"]
[EventCountry "RUS"]
[SourceTitle "EXT 2022"]
[Source "ChessBase"]
[SourceDate "2021.10.06"]
[SourceVersion "1"]
[SourceVersionDate "2021.10.06"]
[SourceQuality "1"]

1. e4 c5 2. Nc3 Nc6 3. g3 g6 4. Bg2 Bg7 5. Nge2 d6 6. 0-0 f5 7. d3 Nf6 8. Nd5 e6 9. Nxf6+ Qxf6 10. c3 e5 11. Qb3 Qe7 12. Be3 Be6 13. Qa4 0-0 14. f3 Rfc8 15. Qc2 b5 16. Qd2 d5 17. a4 b4 18. f4 fxe4 19. dxe4 d4 20. cxd4 exd4 21. Bf2 Na5 22. Nc1 Rab8 23. Rb1 c4 24. Bxd4 c3 25. Qf2 Bxd4 26. Qxd4 Rd8 27. Qe3 Nc4 28. Qf2 Rd2 29. Qe1 Nxb2 30. f5 gxf5 31. Qe3 fxe4 32. Bxe4 Rf8 33. Nb3 Nc4 34. Rxf8+ Qxf8 35. Qg5+ Kh8 36. Nxd2 Nxd2 37. Qe5+ Qg7 38. Qxg7+ Kxg7 39. Rxb4 Bb3 40. Rb7+ Kf6 41. Bxh7 c2 42. Rc7 Nf3+ 43. Kf2 Nd4 44. Ke3 Ke5 45. Rc5+ Bd5 46. Bxc2 Ne6 47. Rxd5+ 1-0